| Tag |
First Indicator |
Second Indicator |
Subfields |
| LEADER |
00000cam a2200000 a 4500 |
| 001 |
in00000083958 |
| 005 |
20230731203135.7 |
| 008 |
741024c19741971onca 001 0 eng d |
| 035 |
|
|
|a (OCoLC)01052323
|
| 035 |
|
|
|9 AAJ0426AM
|
| 040 |
|
|
|c SLC
|d TXA
|d UtOrBLW
|
| 049 |
|
|
|a TXAM
|c [1499431]
|
| 082 |
0 |
|
|a 720/.9
|
| 090 |
|
|
|a NA200
|b .D3 1974
|
| 100 |
1 |
|
|a Dalzell, W. R.
|q (William Ronald)
|
| 245 |
1 |
0 |
|a Architecture /
|c by W.R. Dalzell ; iIllustrated by Harry Green.
|
| 264 |
|
1 |
|a Toronto ;
|a New York :
|b Bantam Books,
|c 1974
|
| 264 |
|
4 |
|c ©1971
|
| 300 |
|
|
|a 159 pages :
|b color illustrations ;
|c 18 cm.
|
| 336 |
|
|
|a text
|b txt
|2 rdacontent
|
| 337 |
|
|
|a unmediated
|b n
|2 rdamedia
|
| 338 |
|
|
|a volume
|b nc
|2 rdacarrier
|
| 490 |
1 |
|
|a Bantam knowledge through color ;
|v 46
|
| 500 |
|
|
|a Includes index.
|
| 504 |
|
|
|a Bibliography: page 156.
|
| 650 |
|
0 |
|a Architecture.
|
| 830 |
|
0 |
|a Knowledge through color ;
|v 46.
|
| 999 |
|
|
|a MARS
|
| 999 |
f |
f |
|s 634d4c56-3906-32fc-8f5f-9b64a5b7ba02
|i eb177687-7d65-3ab8-a8ac-8e6f6eca4c99
|t 0
|
| 952 |
f |
f |
|p ric
|a Texas A&M University
|b Rellis Campus
|c Joint Library Facility
|d Remote Storage
|t 0
|e NA200 .D3 1974
|h Library of Congress classification
|i unmediated -- volume
|m A14806167140
|
| 998 |
f |
f |
|a NA200 .D3 1974
|t 0
|l Remote Storage
|